000 00425nam a2200181Ia 4500
005 20250425162755.0
008 250425s9999 xx 000 0 und d
041 _aspa
082 _a863.6982
100 _aPLAZA, RAMON
245 0 _aEL MEDIO TANGO DE TONY HERNANDEZ
250 _a1A ED.
260 _aEcuador
_bEL CONEJO
_c1982
260 _aQUITO
650 _aNOVELA ECUATORIANA
942 _c01
010 _a107958
999 _c236163
_d236163